000 00752cam a2200229 4500500
005 20260405003849.0
041 _afre
042 _adc
100 1 0 _aPerragin, Charles
_eauthor
245 0 0 _aPierre-Henri Tavoillot : “Le pouvoir politique se dissout comme l’autorité, et, finalement, les citoyens se sentent trompés”
260 _c2024.
500 _a4
690 _aCrise
690 _aDroits
690 _aIndividualisme
690 _aLégislative
690 _aMacron
690 _aNorme
690 _aPierre-Henri Tavoillot
786 0 _nPhilosophie magazine | 181 | 6 | 2024-07-01 | p. 24-24 | 1951-1787
856 4 1 _uhttps://shs.cairn.info/magazine-philosophie-magazine-2024-6-page-24?lang=fr&redirect-ssocas=7080
999 _c2071583
_d2071583